Quevedo - Bizarrap - Estadísticas

Estadísticas generales
  • Esta prueba ha sido intentada 131 veces
  • La puntuación promedio es 332 de 410
Estadísticas de respuestas
Respuesta % Correcto
la
99%
que
98%
que,
98%
Que
98%
a
97%
no
97%
No
97%
noche
96%
y
95%
Y
95%
Quédate
94%
con
93%
las
93%
los
93%
Se
93%
se
93%
si
93%
el
92%
El
92%
en
92%
En
92%
me
92%
sin
92%
un
92%
una,
92%
una
92%
vi
92%
es
91%
le
91%
Le
91%
ti,
91%
lo
89%
te
89%
fuimos
88%
nos
88%
rápido
88%
yo
88%
Yo
88%
lejos
87%
pa'
87%
diez
86%
nota,
86%
tres
86%
combo,
85%
como
85%
cómo
85%
copa
85%
espejo
85%
poco
85%
poco,
85%
Aires
84%
al
84%
Buenos
84%
labios
84%
baile
82%
de
82%
dieron
82%
empezamo'
82%
noches,
82%
pintaba
82%
tres
82%
acercó,
81%
duelen
81%
toda
81%
club
80%
contigo
79%
diez
78%
Perreamos
78%
sea
78%
Mi
77%
Vamos,
77%
dijo:
76%
dormimo'
76%
nada
76%
quiero
76%
vez
76%
otra
75%
Dios
74%
enseño
74%
queriendo
74%
vuelta
74%
Ando
73%
Biza
73%
repetirlo
73%
todo
73%
ya
73%
Tengo
72%
llego
71%
mente
71%
pose'
71%
hicimo'
69%
Luego
69%
rezándole
69%
por
68%
Por
68%
68%
ella
67%
equipaje
67%
garantiza'
67%
Llegué
67%
viaje
67%
domingo
66%
sábado
66%
Canaria'
65%
misa
65%
dar
64%
ojos,
64%
solo
64%
Vente
64%
del
63%
dije
63%
teteo,
63%
voy
63%
amigas
62%
avisa
62%
Bebé,
62%
gemido'
62%
isla,
62%
reloj
62%
suelta
62%
todos
62%
ver
62%
apartamento
61%
beso,
60%
Dime,
60%
menos
59%
party
59%
buscar
58%
canto
58%
Fecha
58%
Mirándonos
58%
quedó
58%
Quevedo
58%
salir
58%
beba
57%
concierto
57%
Dale,
56%
donde
56%
paso
56%
privado,
56%
demás,
55%
diera
55%
hora
55%
llegan
55%
champán
53%
late
53%
más
53%
corazón
52%
quien
51%
Uber
51%
cuerpo
49%
escaparate
49%
Estoy
49%
graba
49%
guacha,
49%
hay
49%
sabes
49%
botellas
48%
ese
48%
pedía
48%
combina
47%
cuando
47%
Mercede'
47%
pegas
47%
Pero
47%
traje
47%
Granate
45%
brindar
43%
Ruido
43%
copas
42%
otro,
40%
ellos
39%
traten
39%
escucho
38%
veo
33%
¡Bizarrap!
32%
No se encontraron pruebas coincidentes
Distribución de puntuación
Porcentaje de gente con cada puntuación
Porcentaje por número respondido
Historial de tus puntuaciones
No has intentado esta prueba.